[Event "BRA-chT U26 (Women)"]
[Site "Foz do Iguacu"]
[Date "2012.10.19"]
[Round "3"]
[White "Ramos, Cinthia Engler Corr"]
[Black "Da Cruz, Karoliny Taiane"]
[Result "0-1"]
[WhiteElo "1842"]
[BlackElo "1780"]
[PlyCount "92"]
[EventDate "2012.10.18"]
[EventType "team-swiss"]
[EventRounds "7"]
[EventCountry "BRA"]
[SourceTitle "EXT 2014"]
[Source "ChessBase"]
[SourceDate "2013.11.20"]
[SourceVersion "1"]
[SourceVersionDate "2013.11.20"]
[SourceQuality "1"]

1. d4 Nf6 2. Nf3 e6 3. Bg5 Be7 4. e3 0-0 5. c4 d5 6. Nc3 h6 7. Bh4 Ne4 8. Bxe7 Qxe7 9. Nxe4 dxe4 10. Nd2 f5 11. Qc2 e5 12. dxe5 Nc6 13. 0-0-0 Nxe5 14. Be2 Be6 15. Rdf1 Qc5 16. Nb3 Qb4 17. a3 Qa4 18. Nd2 Qxc2+ 19. Kxc2 Rad8 20. f4 Nd3 21. Bxd3 Rxd3 22. Re1 Rfd8 23. Re2 Bf7 24. Rhe1 R8d6 25. g4 g6 26. gxf5 gxf5 27. b3 Rc6 28. Kb2 b5 29. Rc1 bxc4 30. Nxc4 Bxc4 31. Rxc4 Rxc4 32. bxc4 Kf7 33. h4 Kg6 34. c5 Kh5 35. c6 Rd6 36. Rc2 Kxh4 37. Kb3 Kg3 38. Rc3 Rd3 39. Rxd3 exd3 40. Kc3 h5 41. Kxd3 h4 42. Kd4 h3 43. Ke5 h2 44. Kxf5 h1Q 45. e4 Qh5+ 46. Kf6 Kxf4 0-1

[Event "BRA-chT U26 (Women)"]
[Site "Foz do Iguacu"]
[Date "2012.10.19"]
[Round "2"]
[White "Tavares, Imyra Cecilia"]
[Black "Ramos, Cinthia Engler Corr"]
[Result "0-1"]
[WhiteElo "1927"]
[BlackElo "1842"]
[PlyCount "130"]
[EventDate "2012.10.18"]
[EventType "team-swiss"]
[EventRounds "7"]
[EventCountry "BRA"]
[SourceTitle "EXT 2014"]
[Source "ChessBase"]
[SourceDate "2013.11.20"]
[SourceVersion "1"]
[SourceVersionDate "2013.11.20"]
[SourceQuality "1"]

1. e4 c5 2. Nf3 Nc6 3. Bb5 g6 4. 0-0 Bg7 5. c3 Nf6 6. Re1 0-0 7. Bxc6 bxc6 8. d3 d6 9. h3 Rb8 10. Nbd2 Ba6 11. Nb3 Qc7 12. e5 Nd5 13. exd6 exd6 14. Qc2 Qd7 15. d4 cxd4 16. Nbxd4 c5 17. Ne2 Rfe8 18. Bg5 Qb5 19. Nf4 Rxe1+ 20. Rxe1 Nxf4 21. Bxf4 Rd8 22. b3 Qd3 23. Qxd3 Bxd3 24. Rd1 Be2 25. Rxd6 Rxd6 26. Bxd6 Bxf3 27. gxf3 Bxc3 28. Bxc5 a6 29. b4 Kg7 30. a4 Kf6 31. b5 axb5 32. axb5 Be5 33. Ba7 Ke6 34. b6 Bd4 35. Kg2 Kd7 36. Kg3 Kc6 37. h4 Bxb6 38. Bxb6 Kxb6 39. Kg4 f6 40. h5 Kc5 41. h6 Kd5 42. f4 Ke4 43. f3+ Ke3 44. f5 g5 45. Kg3 Kd4 46. f4 gxf4+ 47. Kxf4 Kd5 48. Kf3 Ke5 49. Ke3 Kxf5 50. Kf3 Kg5 51. Ke4 Kxh6 52. Kf5 Kg7 53. Kf4 h5 54. Ke4 h4 55. Kf4 f5 56. Kf3 Kg6 57. Ke3 h3 58. Kf2 f4 59. Kg1 f3 60. Kh2 f2 61. Kxh3 f1Q+ 62. Kh2 Qd3 63. Kg2 Kg5 64. Kf2 Kg4 65. Ke1 Qc2 0-1